|
|
|
|
| LEADER |
01351nam a2200265 a 4500 |
| 001 |
530382 |
| 008 |
100408s1985 bg b f100 0 eng d |
| 010 |
|
|
|a 86901808
|
| 040 |
|
|
|a DLC
|c DLC
|d DLC
|d BD-DhAAL
|
| 082 |
0 |
0 |
|a 954.9/2
|2 19
|
| 245 |
0 |
0 |
|a Bangladesh studies :
|b politics, administration, rural development, and foreign policy /
|c edited by Mohammad Mohabbat Khan, Syed Anwar Husain.
|
| 260 |
|
|
|a Dhaka :
|b Center for Administrative Studies, University of Dhaka,
|c 1985.
|
| 300 |
|
|
|a xiv, 281 p. ;
|c 24 cm.
|
| 520 |
|
|
|a Deliberations of a workshop organized by the Centre for Administrative Studies, University of Dacca.
|
| 504 |
|
|
|a Includes bibliographies.
|
| 541 |
1 |
|
|e 00009613
|
| 651 |
|
0 |
|a Bangladesh
|x Politics and government.
|
| 650 |
|
0 |
|a Rural development
|z Bangladesh.
|
| 700 |
1 |
|
|a Khan, Mohammad Mohabbat,
|d 1949-
|
| 700 |
1 |
|
|a Hosena, Saiẏada Ānoẏāra,
|d 1934-
|
| 710 |
2 |
|
|a University of Dacca.
|b Centre for Administrative Studies.
|
| 852 |
4 |
|
|a Ayesha Abed Library
|j General shelf
|
| 999 |
|
|
|c 8044
|d 8044
|
| 952 |
|
|
|0 0
|1 0
|2 ddc
|4 0
|6 954_920000000000000_BAN_1985
|7 0
|9 9134
|a BRACUL
|b BRACUL
|c GEN
|d 2010-04-08
|l 1
|m 2
|o 954.92 BAN
|p 3010009613
|r 2016-08-29
|s 2015-12-21
|t 1
|w 2010-04-08
|y BK
|
| 952 |
|
|
|0 0
|1 0
|2 ddc
|4 0
|6 954_920000000000000_BAN_1985
|7 0
|9 9181
|a BRACUL
|b BRACUL
|c GEN
|d 2010-04-12
|l 0
|o 954.92 BAN
|p 3010009612
|r 2010-04-12
|t 2
|w 2010-04-12
|y BK
|